| Tag |
First Indicator |
Second Indicator |
Subfields |
| LEADER |
00000cam a2200000 a 4500 |
| 001 |
in00002781068 |
| 006 |
m d |
| 007 |
cr cn||||||||| |
| 008 |
120316s2012 mduc ob 001 0deng d |
| 005 |
20250816203707.5 |
| 010 |
|
|
|z 2012011290
|
| 020 |
|
|
|z 9780810885301 (cloth alk. paper)
|
| 020 |
|
|
|z 9780810885318 (e-book)
|
| 035 |
|
|
|a (CaPaEBR)ebr10582764
|
| 040 |
|
|
|a CaPaEBR
|c CaPaEBR
|d UtOrBLW
|
| 043 |
|
|
|a n-us---
|
| 050 |
1 |
4 |
|a PN2287.L283
|b N45 2012eb
|
| 082 |
0 |
4 |
|a 791.4302/8092
|2 23
|
| 100 |
1 |
|
|a Neibaur, James L.,
|d 1958-
|
| 245 |
1 |
4 |
|a The silent films of Harry Langdon (1923-1928) /
|c James L. Neibaur.
|
| 246 |
3 |
|
|a Silent films of Harry Langdon, 1923-1928
|
| 264 |
|
1 |
|a Lanham, Md. :
|b Scarecrow Press,
|c 2012.
|
| 300 |
|
|
|a 1 online resource (xiv, 233 pages) :
|b portrait
|
| 336 |
|
|
|a text
|b txt
|2 rdacontent
|
| 337 |
|
|
|a computer
|b c
|2 rdamedia
|
| 338 |
|
|
|a online resource
|b cr
|2 rdacarrier
|
| 504 |
|
|
|a Includes bibliographical references and index.
|
| 500 |
|
|
|a Electronic resource.
|
| 600 |
1 |
0 |
|a Langdon, Harry,
|d 1884-1944.
|
| 650 |
|
0 |
|a Silent films
|z United States
|x History.
|
| 655 |
|
7 |
|a Electronic books.
|2 local
|
| 710 |
2 |
|
|a ebrary, Inc.
|
| 856 |
4 |
0 |
|u https://ebookcentral.proquest.com/lib/tamucs/detail.action?docID=977236
|y Connect to the full text of this electronic book
|t 0
|
| 980 |
|
|
|a 120821
|b 59.99
|c USD
|e 59.99
|f YBP_EBR0000040734
|g 1
|
| 999 |
f |
f |
|s 2e3b3c71-715d-344c-84dc-55a8efc3499a
|i e775e245-ec62-3a5b-8b5e-b18036303812
|t 0
|
| 999 |
|
|
|a MARS
|
| 952 |
f |
f |
|a Texas A&M University
|b College Station
|c Electronic Resources
|d Available Online
|t 0
|e PN2287.L283 N45 2012eb
|h Library of Congress classification
|
| 998 |
f |
f |
|a PN2287.L283 N45 2012eb
|t 0
|l Available Online
|